000 00920nam a2200217Ii 4500
003 JO-AjNU
008 230605s9999||||xx |||||||||||||| ||und||
040 _aJO-AjNU
_bara
_erda
_cJO-AjNU
041 _aara
050 1 4 _aKMM49.J3298.2003
100 3 _aالجبوري ، ياسين محمد ,
_eauthor
_924945
245 0 0 _aالوجيز في شرح القانون المدني الأردني : آثار الحقوق الشخصية ، أحكام الالتزامات " دراسة موازنة "
250 _aط1
264 3 1 _aعمان : دار الثقافة ، 2003
300 _a705ص
336 _atext
_btxt
_2rdacontent
337 _aunmediated
_bn
_2rdamedia
338 _avolume
_bnc
_2rdacarrier
490 0 _aسلسلة الكتب القانونية ( 496 )
650 4 _aالأحوال الشخصية -- قوانين وتشريعات -- الأردن -- القانون المدني -- الأردن
_924946
999 _aA9265
_c12833
_d12833